[Event "Moscow Open 2009"]
[Site "Moscow"]
[Date "2009.02.02"]
[Round "3.6"]
[White "Kovalevskaya, Ekaterina"]
[Black "Fominykh, Maria"]
[Result "1-0"]
[WhiteElo "2442"]
[BlackElo "2279"]
[Annotator ""]
[Source ""]
[Remark ""]

1.Nf3 Nf6 2.g3 d5 3.Bg2 Nbd7 4.O-O e5 5.d3 c6 6.c4 dxc4 7.dxc4
Bc5 8.Nc3 O-O 9.Qc2 Re8 10.a3 h6 11.b4 Bf8 12.c5 a5 13.Rb1 axb4
14.axb4 Qc7 15.Nd2 Rb8 16.Nc4 Rd8 17.f4 b5 18.Nxe5 Nxe5 19.fxe5
Ng4 20.Qe4 Nxe5 21.Bf4 Re8 22.Bxe5 Rxe5 23.Qxc6 Qd8 24.Rbd1 Qe7
25.Nd5 Qa7 26.Ra1 Qb7 27.Qxb7 Bxb7 28.e4 f6 29.Ra7 Kh8 30.Rc1
Bc6 31.Ra6 Rc8 32.Bh3 Bxd5 33.Bxc8 Rxe4 34.c6 Re2 35.Bh3 1-0

[Event "Moscow Open 2009 C"]
[Site "?"]
[Date "2009.02.02"]
[Round "3.7"]
[White "Iljushina, Olga"]
[Black "Matveeva, Svetlana"]
[Result "1/2-1/2"]
[WhiteElo "2269"]
[BlackElo "2422"]
[Annotator ""]
[Source ""]
[Remark ""]

1.d4 d5 2.c4 dxc4 3.e4 Nf6 4.e5 Nd5 5.Bxc4 Nb6 6.Bd3 Nc6 7.Ne2
Bg4 8.f3 Be6 9.Nbc3 Qd7 10.Ne4 Bd5 11.Nc5 Qc8 12.Be3 e6 13.Rc1
Nb4 14.a3 Nxd3+ 15.Qxd3 Be7 16.O-O O-O 17.Ng3 Nd7 18.Nce4 Qd8
19.Nh5 f6 20.exf6 Bxf6 21.Bf4 Rc8 22.Nhxf6+ Nxf6 23.Be5 Nd7 1/2-1/2

[Event "Moscow Open 2009 C"]
[Site "?"]
[Date "2009.02.02"]
[Round "3.8"]
[White "Shadrina, Tatiana"]
[Black "Shumilina, Alexandra"]
[Result "1-0"]
[WhiteElo "2416"]
[BlackElo "2269"]
[Annotator ""]
[Source ""]
[Remark ""]

1.e4 c5 2.Nf3 d6 3.d4 cxd4 4.Nxd4 Nf6 5.Nc3 a6 6.Be3 e5 7.Nf3
Be7 8.Bc4 O-O 9.O-O Be6 10.Qe2 Bxc4 11.Qxc4 b5 12.Qd3 Nc6 13.Rfd1
Rc8 14.Bg5 b4 15.Bxf6 bxc3 16.Bxe7 Qxe7 17.bxc3 Rfd8 18.Qxa6
f5 19.Rab1 Rc7 20.Rb6 fxe4 21.Qc4+ Qf7 22.Qxe4 d5 23.Qh4 Qf6
24.Qa4 Rd6 25.Qb3 Rcd7 26.Rb5 Ne7 27.c4 e4 28.c5 Ra6 29.Rb8+
Kf7 30.Qb5 Nc6 31.Rb7 Rxb7 32.Qxb7+ Ne7 33.Ne5+ Qxe5 34.Qxa6
Qc3 35.Qd6 Qxc2 36.Qf4+ Ke6 37.Rc1 1-0

[Event "Moscow Open 2009 C"]
[Site "?"]
[Date "2009.02.02"]
[Round "3.9"]
[White "Repina, Varvara"]
[Black "Demina, Julia"]
[Result "1/2-1/2"]
[WhiteElo "2258"]
[BlackElo "2361"]
[Annotator ""]
[Source ""]
[Remark ""]

1.e4 c5 2.Nf3 d6 3.d4 cxd4 4.Nxd4 Nf6 5.Nc3 a6 6.f4 e5 7.Nf3
Nbd7 8.Bc4 Be7 9.a4 O-O 10.O-O exf4 11.Bxf4 Qb6+ 12.Kh1 Qxb2
13.Nd5 Nxd5 14.Bxd5 Qc3 15.Rb1 Qc7 16.c4 Nf6 17.e5 Nxd5 18.Qxd5
dxe5 19.Bxe5 Qc6 20.Qxc6 bxc6 21.Nd4 Bc5 22.Nxc6 Bd7 23.Nb8 Bxa4
24.Ra1 Bb3 25.Nxa6 Rxa6 26.Rxa6 Bxc4 27.Rc1 Bxa6 28.Rxc5 f6 29.Bc3
Re8 30.h3 Kf7 31.Kh2 Kg6 32.Ra5 Bc4 33.Rc5 Re4 34.Rc7 Bf7 35.Rd7
h5 36.Kg1 Re2 1/2-1/2

[Event "Moscow Open 2009 C"]
[Site "?"]
[Date "2009.02.02"]
[Round "3.10"]
[White "Ambartsumova, Karina"]
[Black "Severiukhina, Zoja"]
[Result "1-0"]
[WhiteElo "2227"]
[BlackElo "2327"]
[Annotator ""]
[Source ""]
[Remark ""]

1.e4 e6 2.d4 d5 3.Nd2 Nf6 4.e5 Nfd7 5.Bd3 c5 6.c3 Nc6 7.Ne2 cxd4
8.cxd4 f6 9.exf6 Nxf6 10.Nf3 Bd6 11.O-O Qc7 12.h3 O-O 13.Nc3
a6 14.Be3 Bf4 15.Re1 Nh5 16.Rc1 Bxe3 17.Rxe3 Qf4 18.Qd2 g6 19.Bb1
Bd7 20.Rce1 Ng7 21.R3e2 b5 22.Re3 Rac8 23.Ne2 Qh6 24.Rc3 Qxd2
25.Nxd2 b4 26.Rcc1 Na5 27.Nf3 Bb5 28.Rxc8 Rxc8 29.Nf4 Nc4 30.Nd3
a5 31.g4 Kf7 32.Kg2 Ke7 33.Kg3 Kd6 34.Ng5 Nd2 35.Nf4 Nxb1 36.Rxb1
h6 37.Nf7+ Ke7 38.Nxh6 g5 39.Ng6+ Kf6 40.Ne5 Ne8 41.h4 gxh4+
42.Kxh4 Nd6 43.g5+ Kg7 44.Kg4 Rc2 45.f3 Rd2 46.Rc1 Rxd4+ 47.f4
Nc4 48.Nf3 Ne3+ 49.Kg3 Rc4 50.Re1 Re4 51.Kf2 Nc4 52.Rxe4 dxe4
53.Nd4 Bd7 54.b3 Nd6 55.Ke3 Nf5+ 56.Kxe4 Nxh6 57.gxh6+ Kxh6 58.Ke5
Kg6 59.Nxe6 Bb5 60.f5+ Kf7 61.Ng5+ Ke8 62.f6 Be2 63.Kd6 1-0

[Event "Moscow Open 2009 C"]
[Site "?"]
[Date "2009.02.02"]
[Round "3.11"]
[White "Solovjova, Valentina"]
[Black "Lelekova, Olga"]
[Result "1-0"]
[WhiteElo "2324"]
[BlackElo "2222"]
[Annotator ""]
[Source ""]
[Remark ""]

1.e4 d5 2.exd5 Qxd5 3.Nc3 Qd6 4.Nf3 Nf6 5.h3 a6 6.g3 e5 7.Bg2
Nc6 8.Qe2 Be6 9.O-O O-O-O 10.d3 Nd7 11.Ne4 Qe7 12.Neg5 Bd5 13.c4
Bxf3 14.Qxf3 f6 15.Ne4 h5 16.b4 g5 17.b5 g4 18.hxg4 hxg4 19.Qxg4
axb5 20.cxb5 Nd4 21.Qd1 f5 22.Ng5 f4 23.Nf3 Qh7 24.Re1 fxg3 25.Re4
Bc5 26.Rh4 Qg7 27.Rxh8 Rxh8 28.Be3 Rf8 29.Bxd4 Bxd4 30.Nxd4 gxf2+
31.Kf1 exd4 32.Rc1 Qg3 33.b6 1-0

[Event "Moscow Open 2009 C"]
[Site "?"]
[Date "2009.02.02"]
[Round "3.12"]
[White "Fakhretdinova, Margarita"]
[Black "Molchanova, Tatjana"]
[Result "0-1"]
[WhiteElo "2167"]
[BlackElo "2319"]
[Annotator ""]
[Source ""]
[Remark ""]

1.e4 c5 2.Nc3 g6 3.g3 Bg7 4.Bg2 Nc6 5.Nf3 d6 6.O-O e6 7.d3 Nge7
8.Be3 Nd4 9.Rb1 O-O 10.Ne2 e5 11.c3 Nxf3+ 12.Bxf3 Bh3 13.Re1
Nc6 14.Kh1 Rb8 15.Qd2 b6 16.b3 Be6 17.Bg2 d5 18.f4 dxe4 19.dxe4
Qxd2 20.Bxd2 Rbd8 21.Rbd1 Rd7 22.f5 Bxb3 23.axb3 Rfd8 24.Kg1
Rxd2 25.Rxd2 Rxd2 26.Kf2 a5 27.Rb1 Bh6 28.g4 b5 29.h4 Bf4 30.Bf1
b4 31.Ke1 bxc3 32.Nxf4 exf4 33.Rc1 Nd4 34.Rxc3 Rb2 35.Rxc5 f3
36.f6 f2+ 37.Kd1 Rb1+ 38.Rc1 Rxc1+ 39.Kxc1 Nxb3+ 40.Kd1 a4 41.Kc2
Nc5 0-1

[Event "Moscow Open 2009 C"]
[Site "?"]
[Date "2009.02.02"]
[Round "3.13"]
[White "Karpova, Lyudmila"]
[Black "Girya, Olga"]
[Result "0-1"]
[WhiteElo "2131"]
[BlackElo "2315"]
[Annotator ""]
[Source ""]
[Remark ""]

1.e4 c5 2.Nf3 Nc6 3.c3 Nf6 4.e5 Nd5 5.d4 cxd4 6.Bc4 Nc7 7.cxd4
d5 8.exd6 exd6 9.d5 Ne5 10.Nxe5 dxe5 11.O-O Bd6 12.Nc3 O-O 13.Be3
Qh4 14.Be2 f5 15.f3 Bd7 16.Qd2 e4 17.f4 b5 18.a4 a6 19.Bd4 Qe7
20.Rfd1 b4 21.Nb1 Be8 22.Bc4 Bf7 23.Be3 Ne8 24.Qd4 Nf6 25.Nd2
Ng4 26.Nb3 Qh4 0-1

[Event "Moscow Open 2009 C"]
[Site "?"]
[Date "2009.02.02"]
[Round "3.14"]
[White "Ushenina, Anna"]
[Black "Samigullina, Diana"]
[Result "1-0"]
[WhiteElo "2499"]
[BlackElo "2083"]
[Annotator ""]
[Source ""]
[Remark ""]

1.e4 c5 2.Nf3 Nc6 3.Bb5 g6 4.c3 Bg7 5.d4 cxd4 6.cxd4 Qb6 7.Nc3
e6 8.Be3 Nge7 9.O-O d5 10.Qe2 O-O 11.Na4 Qd8 12.e5 a6 13.Bd3
Nb4 14.Bb1 Bd7 15.Qd2 Bxa4 16.Qxb4 Qd7 17.Re1 Rfc8 18.b3 Bc6
19.Bg5 Bf8 20.Qd2 a5 21.h4 h5 22.Bh6 Qe8 23.g4 hxg4 24.Nh2 Nf5
25.Nxg4 Bxh6 26.Nxh6+ Nxh6 27.Qxh6 Qf8 28.Qf4 Qg7 29.h5 g5 30.Qg4
a4 31.Re3 axb3 32.Rxb3 Ba4 33.h6 Rc1+ 34.Kg2 Qxh6 35.Rh3 Bd1
36.Qg3 Bh5 37.Qh2 Rac8 38.Rxh5 Qg7 39.Rh7 1-0

[Event "Moscow Open 2009 C"]
[Site "?"]
[Date "2009.02.02"]
[Round "3.15"]
[White "Zhukova, Natalia"]
[Black "Fatalibekova, Elena"]
[Result "1-0"]
[WhiteElo "2490"]
[BlackElo "2243"]
[Annotator ""]
[Source ""]
[Remark ""]

1.d4 Nf6 2.c4 e6 3.Nf3 d5 4.Nc3 Be7 5.Qc2 O-O 6.Bg5 h6 7.Bxf6
Bxf6 8.O-O-O c5 9.dxc5 Qa5 10.cxd5 Bxc3 11.Qxc3 Qxc3+ 12.bxc3
exd5 13.Rxd5 Be6 14.Rd6 Nd7 15.c6 bxc6 16.Nd4 Nc5 17.Nxe6 Nxe6
18.e3 Nc5 19.Bd3 Rfd8 20.Rxd8+ Rxd8 21.Bc2 Nd3+ 22.Bxd3 Rxd3
23.Kc2 Rd5 24.c4 Ra5 25.Kb3 Kf8 26.Rd1 Ke7 27.a4 Rh5 28.h3 Rf5
29.f4 g5 30.g4 Rf6 31.f5 h5 32.Kb4 hxg4 33.hxg4 Rh6 34.Kc5 Rh3
35.Kxc6 Rxe3 36.Rd4 Rb3 37.c5 a5 38.Re4+ Kd8 39.Kd6 Rd3+ 40.Ke5
Ke7 41.Rd4 Rc3 42.f6+ Ke8 43.Kd6 Kd8 44.Kc6+ Ke8 45.Kb6 Rf3 46.Rd6
Rc3 47.c6 1-0

[Event "Moscow Open 2009 C"]
[Site "?"]
[Date "2009.02.02"]
[Round "3.16"]
[White "Bogumil, Tatiana"]
[Black "Shen, Yang"]
[Result "0-1"]
[WhiteElo "2218"]
[BlackElo "2448"]
[Annotator ""]
[Source ""]
[Remark ""]

1.Nf3 d5 2.c4 c6 3.b3 Bf5 4.Bb2 Nd7 5.g3 e6 6.Bg2 Ngf6 7.O-O
h6 8.d4 Bd6 9.Nc3 h5 10.h4 Ne4 11.cxd5 exd5 12.Nxe4 Bxe4 13.Ng5
Bxg2 14.Kxg2 f6 15.Nf3 Qe7 16.Qd3 O-O-O 17.Bc3 Rde8 18.e3 g5
19.Qf5 Qe4 20.Qxe4 dxe4 21.Nd2 gxh4 22.gxh4 f5 23.Rh1 Nf6 24.Nc4
Be7 25.Kf1 Nd5 26.Bd2 Kc7 27.Ke2 Reg8 28.Rag1 Rxg1 29.Rxg1 Rh7
30.f3 Bxh4 31.Ne5 Bf6 32.Ba5+ b6 33.Be1 Rg7 34.Rxg7+ Bxg7 35.Ng6
Kd7 36.Bg3 Bf6 37.Nf4 h4 38.Bh2 Nc3+ 39.Kf2 Nxa2 40.Ne2 a5 41.fxe4
fxe4 42.Ke1 b5 43.Kd2 Bg5 44.Ng1 Nb4 45.Nh3 Bh6 46.Nf2 Nd5 47.Nxe4
Bxe3+ 48.Kd3 Bf4 49.Nc5+ Ke7 50.Bg1 h3 51.Nb7 a4 52.bxa4 bxa4
53.Na5 Kd7 54.Nb7 a3 55.Nc5+ Ke7 56.Kc2 Be3 57.Bh2 Bxd4 58.Nd3
a2 0-1

[Event "Moscow Open 2009 C"]
[Site "?"]
[Date "2009.02.02"]
[Round "3.17"]
[White "Bodnaruk, Anastasia"]
[Black "Airapetian, Tatevik"]
[Result "1-0"]
[WhiteElo "2384"]
[BlackElo "2145"]
[Annotator ""]
[Source ""]
[Remark ""]

1.e4 c5 2.Nf3 d6 3.d4 cxd4 4.Nxd4 Nf6 5.Nc3 a6 6.Be3 Ng4 7.Bc1
Nf6 8.f3 e6 9.Be3 b5 10.Qd2 Nbd7 11.g4 Nb6 12.Qf2 Nfd7 13.O-O-O
Bb7 14.Bd3 Rc8 15.Kb1 Rxc3 16.bxc3 Na4 17.Ne2 Qc7 18.Qe1 Be7
19.g5 O-O 20.h4 Ne5 21.f4 Nxd3 22.cxd3 d5 23.e5 b4 24.Rc1 Qa5
25.Bd4 bxc3 26.Bxc3 Qb5+ 27.Ka1 Qxd3 28.Bd4 Qb5 29.Rb1 Qd7 30.Qa5
Bc6 31.Qxa6 Ra8 32.Qd3 Nc5 33.Bxc5 Bxc5 34.Rhc1 Qa7 35.Rc2 d4
36.Nc1 Bd5 37.Rb5 Bb6 38.Rcb2 Ba5 39.Qa3 g6 40.Rxa5 Qxa5 41.Rb8+
Kg7 42.Qf8# 1-0

[Event "Moscow Open 2009 C"]
[Site "?"]
[Date "2009.02.02"]
[Round "3.18"]
[White "Vasilkova, Svetlana"]
[Black "Yakovich, Yuliya"]
[Result "1/2-1/2"]
[WhiteElo "2371"]
[BlackElo "2125"]
[Annotator ""]
[Source ""]
[Remark ""]

1.e4 e5 2.Bc4 Nf6 3.d3 Nc6 4.Nc3 Na5 5.Nge2 Nxc4 6.dxc4 Bc5 7.O-O
d6 8.Qd3 O-O 9.Na4 Bb6 10.Nxb6 axb6 11.f3 Be6 12.Bg5 h6 13.Bh4
g5 14.Bf2 Nh5 15.g4 Nf4 16.Nxf4 gxf4 17.Kg2 h5 18.h3 Kg7 19.Rh1
Rh8 20.a3 Qf6 21.b3 Rh7 22.a4 Rah8 23.Rag1 Kf8 24.Qe2 hxg4 25.hxg4
Bxg4 26.Rxh7 Rxh7 27.Kf1 Be6 28.a5 bxa5 29.c5 Bd7 30.Qd2 a4 31.Qa5
axb3 32.cxb3 Qe7 33.Qa8+ Qe8 34.Qxb7 Bb5+ 35.Ke1 Qd7 36.Qb8+
Ke7 37.Qg8 Qh3 38.Qb8 Qd7 39.Qg8 Qh3 40.Qb8 Qd7 41.Qg8 1/2-1/2

[Event "Moscow Open 2009 C"]
[Site "?"]
[Date "2009.02.02"]
[Round "3.19"]
[White "Grabuzova, Tatiana"]
[Black "Kushka, Alena"]
[Result "1/2-1/2"]
[WhiteElo "2332"]
[BlackElo "2124"]
[Annotator ""]
[Source ""]
[Remark ""]

1.d4 Nf6 2.c4 c5 3.d5 d6 4.Nc3 g6 5.e4 Bg7 6.h3 O-O 7.Bd3 e6
8.Nf3 exd5 9.exd5 Nbd7 10.O-O a6 11.a4 b6 12.Bf4 Qc7 13.Re1 Bb7
14.Qd2 Rae8 15.Rxe8 Rxe8 16.Re1 Rxe1+ 17.Qxe1 Qb8 18.g4 h6 19.Qe3
Qf8 20.Nd2 Ne8 21.a5 bxa5 22.Na4 Ne5 23.Nxc5 Bc8 24.Be2 Nxg4
25.Bxg4 Bxg4 26.hxg4 dxc5 27.Be5 Bxe5 28.Qxe5 Nd6 29.b3 Qd8 30.f4
Qd7 31.Kf2 f5 32.gxf5 gxf5 33.Ke3 Kf7 34.Kd3 Qe7 35.Nf3 Qf6 36.Qe2
Ne4 37.Ne5+ Kg8 38.Qh5 Nd6 39.Kc2 Qg7 40.Kb2 Qg2+ 41.Ka3 Qg1
42.Qg6+ Qxg6 43.Nxg6 Kg7 44.Nh4 Kf6 45.Ka4 Nb7 46.Ka3 Nd6 47.Ka4
Nb7 48.Nf3 Kg6 49.Nh4+ Kf6 50.Ng2 Kg6 51.Ne3 Kf6 52.Ng2 1/2-1/2

[Event "Moscow Open 2009 C"]
[Site "?"]
[Date "2009.02.02"]
[Round "3.20"]
[White "Charochkina, Daria"]
[Black "Rassokhina, Ekaterina"]
[Result "1-0"]
[WhiteElo "2316"]
[BlackElo "2106"]
[Annotator ""]
[Source ""]
[Remark ""]

1.e4 c5 2.Nf3 Nc6 3.d4 cxd4 4.Nxd4 Nf6 5.Nc3 d6 6.Nb3 e6 7.Be2
Be7 8.O-O O-O 9.Be3 a6 10.f4 Qc7 11.Kh1 b5 12.a3 Bb7 13.Bf3 Rad8
14.Qe2 Na5 15.Nxa5 Qxa5 16.Qf2 Nd7 17.Ne2 Qc7 18.c3 Nc5 19.Ng3
d5 20.e5 Nb3 21.Rad1 Bc5 22.f5 Bxe3 23.Qxe3 exf5 24.Nxf5 Rfe8
25.Qg5 Qxe5 26.Bxd5 Bxd5 27.Rxd5 Qf6 28.Rxd8 Rxd8 29.Qf4 Nc5
30.h3 Ne6 31.Qe4 Kh8 32.Qc6 Qe5 33.Nd6 Rf8 34.Nxf7+ Rxf7 35.Qe8+
Nf8 36.Qxf8+ 1-0

[Event "Moscow Open 2009 C"]
[Site "?"]
[Date "2009.02.02"]
[Round "3.21"]
[White "Bezgodova, Svetlana"]
[Black "Tomilova, Elena"]
[Result "1/2-1/2"]
[WhiteElo "2214"]
[BlackElo "2300"]
[Annotator ""]
[Source ""]
[Remark ""]

1.e4 c5 2.Nf3 d6 3.d3 g6 4.Be2 Bg7 5.O-O Nc6 6.c3 Nf6 7.Nbd2
O-O 8.Re1 Rb8 9.a4 a6 10.Bf1 b5 11.axb5 axb5 12.Qc2 Nd7 13.g3
b4 14.Nc4 Nde5 15.Ncxe5 Nxe5 16.Nxe5 Bxe5 17.Bg5 Qc7 18.Qd2 Bg7
19.Rec1 bxc3 20.bxc3 Re8 21.d4 Be6 22.Be3 Rec8 23.Ba6 Rd8 24.Bd3
Rb3 25.d5 Bg4 26.Bc4 Rb7 27.Bh6 Bh8 28.Qf4 Bd7 29.Qh4 Bb5 30.Bxb5
Rxb5 31.Bg5 Re8 32.Qg4 Rb3 33.Qf3 Qd7 34.Kg2 Bg7 35.h4 h6 36.Bf4
h5 37.Bg5 Reb8 38.Ra6 Be5 39.Rc6 Kg7 40.Bd2 Rb2 41.Bf4 Bxf4 42.Qxf4
Qg4 43.Rc7 Qxf4 44.gxf4 Kf8 45.Re1 Rd2 46.Re3 Rbb2 47.Rf3 f6
48.e5 Rxd5 49.c4 Rdd2 50.exf6 exf6 51.Kg3 Ra2 52.Rb3 Rdb2 53.Rf3
Re2 54.Rb3 Re7 55.Rc8+ Kf7 56.Rd8 Rd2 57.Rh8 Kg7 58.Rbb8 Rd3+
59.Kg2 Rd4 60.f5 gxf5 61.Rxh5 Kg6 62.Rbh8 Rg7 63.Kf3 Rxc4 64.R8h6+
Kf7 65.Rxf5 Rg6 66.Rh8 Rd4 67.Rfh5 c4 68.Ra5 Rgg4 69.Ra7+ Ke6
70.Re8+ Kf5 71.h5 Rdf4+ 72.Ke3 Re4+ 73.Rxe4 Rxe4+ 74.Kf3 Rh4
75.Ra5+ Ke6 76.Kg3 Rh1 77.Kg2 Rb1 78.h6 Rb7 79.Rh5 Rh7 80.Kf3
Kf7 81.Rd5 Ke6 82.Rh5 c3 83.Ke3 Rc7 84.h7 c2 85.h8Q c1Q+ 86.Kf3
Qd1+ 87.Kg2 Rg7+ 88.Qxg7 Qxh5 1/2-1/2

[Event "Moscow Open 2009 C"]
[Site "?"]
[Date "2009.02.02"]
[Round "3.22"]
[White "Manakova, Maria"]
[Black "Gaprindashvili, Nona"]
[Result "1-0"]
[WhiteElo "2299"]
[BlackElo "2089"]
[Annotator ""]
[Source ""]
[Remark ""]

1.e4 e5 2.Nf3 Nf6 3.Nxe5 d6 4.Nf3 Nxe4 5.d4 d5 6.Bd3 Bd6 7.O-O
O-O 8.c4 c6 9.Nc3 f5 10.cxd5 cxd5 11.Qb3 Kh8 12.Kh1 Nxc3 13.bxc3
Qa5 14.a4 Nc6 15.Ba3 Bxa3 16.Rxa3 b6 17.Qb2 a6 18.Nd2 b5 19.axb5
Qb6 20.Qa2 Nb8 21.bxa6 Bxa6 22.Ra1 Rf6 23.Nb3 h6 24.h3 f4 25.Nc5
Bc4 26.Qe2 Bxd3 27.Qe8+ Kh7 28.Rxa8 1-0

[Event "Moscow Open 2009 C"]
[Site "?"]
[Date "2009.02.02"]
[Round "3.23"]
[White "Gu, Xiaobing"]
[Black "Gvanceladze, Anna"]
[Result "1-0"]
[WhiteElo "2283"]
[BlackElo "2070"]
[Annotator ""]
[Source ""]
[Remark ""]

1.e4 c6 2.d4 d5 3.exd5 cxd5 4.c4 Nf6 5.Nc3 e6 6.Nf3 Be7 7.cxd5
Nxd5 8.Bd3 Nc6 9.O-O O-O 10.Re1 Nf6 11.Bg5 g6 12.Bc2 b6 13.Qe2
Bb7 14.Rad1 Nd5 15.Bh6 Re8 16.Bb3 Na5 17.Ba4 Bc6 18.Bc2 Bb7 19.Ne5
Bf6 20.Qg4 Bg7 21.Bxg7 Kxg7 22.Nxd5 Bxd5 23.Re3 Nc4 24.Rh3 Nxe5
25.dxe5 Qc7 26.Qf4 Rh8 27.Qf6+ Kg8 28.Bb3 Re8 29.Rhd3 Bc6 30.Rc3
Qb7 31.Rdc1 Rc8 32.Bxe6 fxe6 33.Qxe6+ Kg7 34.Qf6+ Kg8 35.Rxc6 1-0

[Event "Moscow Open 2009 C"]
[Site "?"]
[Date "2009.02.02"]
[Round "3.24"]
[White "Paikidze, Nazi"]
[Black "Blokhina, Elvira"]
[Result "1-0"]
[WhiteElo "2280"]
[BlackElo "1996"]
[Annotator ""]
[Source ""]
[Remark ""]

1.d4 d5 2.c4 e6 3.Nf3 Nf6 4.Nc3 Be7 5.Bf4 c6 6.e3 Nbd7 7.h3 O-O
8.Bd3 dxc4 9.Bxc4 Nb6 10.Bd3 Nbd5 11.Bh2 b6 12.O-O Bb7 13.Re1
Rc8 14.e4 Nxc3 15.bxc3 c5 16.Qa4 Ra8 17.Rad1 a6 18.Bb1 b5 19.Qc2
g6 20.dxc5 Qa5 21.Bd6 Bxd6 22.cxd6 Rac8 23.d7 Rc5 24.Qd2 Rd8
25.Qf4 Kg7 26.Ng5 e5 27.Qh4 Qc7 28.Bc2 h6 29.Nxf7 Kxf7 30.Qxh6
Rxd7 31.Bb3+ Rc4 32.Rxd7+ Qxd7 33.Rd1 Qe7 34.f3 Qc5+ 35.Kh2 Bc6
36.Qh8 Bd7 37.Bxc4+ Qxc4 38.Rd6 Be6 39.Rxa6 Qc8 40.Ra7+ Qd7 41.Rxd7+
Bxd7 42.Qb8 Ke6 43.Qb6+ Ke7 44.c4 bxc4 45.Qc5+ 1-0

[Event "Moscow Open 2009 C"]
[Site "?"]
[Date "2009.02.02"]
[Round "3.25"]
[White "Ivkina, Olga"]
[Black "Niks, Yana"]
[Result "1-0"]
[WhiteElo "2268"]
[BlackElo "1885"]
[Annotator ""]
[Source ""]
[Remark ""]

1.e4 e5 2.Nf3 Nc6 3.Bb5 a6 4.Ba4 Nf6 5.O-O b5 6.Bb3 Bc5 7.c3
d6 8.d4 Bb6 9.Bg5 h6 10.Bh4 g5 11.Bg3 exd4 12.Nxd4 Nxd4 13.cxd4
O-O 14.Nc3 Bb7 15.e5 dxe5 16.Bxe5 Nd7 17.Qh5 Nxe5 18.dxe5 Kg7
19.Kh1 Qd2 20.Rad1 Qf4 21.Rd7 Bc6 22.Re7 Rae8 23.Rxe8 Rxe8 24.Ne2
Qe4 25.Qxf7+ Kh8 26.Qf6+ Kh7 27.Rg1 Qxe5 28.Qxc6 Qxe2 29.Bc2+
Kg7 30.Qg6+ Kf8 31.Qf6+ Kg8 32.Bb3+ Kh7 33.Bf7 Qe4 34.f3 Qd3
35.Bxe8 Bxg1 36.Qe7+ Kh8 37.Qe5+ Kh7 38.Kxg1 Qd1+ 39.Kf2 Qd2+
40.Kg3 Qd8 41.Qf5+ Kg8 42.Qf7+ Kh8 43.Qf8+ Kh7 44.Bg6+ 1-0

[Event "Moscow Open 2009 C"]
[Site "?"]
[Date "2009.02.02"]
[Round "3.26"]
[White "Baraeva, Marina"]
[Black "Muzychuk, Mariya"]
[Result "0-1"]
[WhiteElo "2009"]
[BlackElo "2427"]
[Annotator ""]
[Source ""]
[Remark ""]

1.d4 f5 2.Nf3 Nf6 3.g3 g6 4.Bg2 Bg7 5.O-O O-O 6.b3 d6 7.Bb2 e6
8.c4 Ne4 9.Nc3 Nc6 10.e3 Nxc3 11.Bxc3 Qe7 12.Qc2 e5 13.Rad1 g5
14.dxe5 dxe5 15.Rfe1 g4 16.Nd2 e4 17.Bf1 Bxc3 18.Qxc3 Ne5 19.Rc1
Qf6 20.Red1 Bd7 21.Be2 Bc6 22.c5 Bd5 23.Nc4 Bxc4 24.Bxc4+ Kg7
25.Be2 Rad8 26.Qb4 b6 27.cxb6 Rxd1+ 28.Bxd1 cxb6 29.Rc7+ Kg6
30.Qe7 Qxe7 31.Rxe7 Nf3+ 32.Bxf3 exf3 33.h4 Rc8 34.Rd7 Rc1+ 35.Kh2
Rc2 36.Kg1 Rxa2 37.Rd6+ Kh5 38.Rd5 Ra1+ 39.Kh2 Rf1 40.Rxf5+ Kh6
41.Rg5 Rxf2+ 42.Kh1 Rb2 43.Rxg4 Rb1+ 44.Kh2 f2 0-1

[Event "Moscow Open 2009 C"]
[Site "?"]
[Date "2009.02.02"]
[Round "3.27"]
[White "Baraeva, Irina"]
[Black "Mongontuul, Bathuyag"]
[Result "0-1"]
[WhiteElo "1997"]
[BlackElo "2425"]
[Annotator ""]
[Source ""]
[Remark ""]

1.d4 d5 2.Nf3 Nf6 3.c4 e6 4.Nc3 Be7 5.Bg5 O-O 6.e3 b6 7.Be2 Bb7
8.O-O Nbd7 9.Rc1 Ne4 10.Bxe7 Qxe7 11.cxd5 exd5 12.Qb3 c6 13.Rfd1
f5 14.Nd2 Kh8 15.Nf1 Rae8 16.Nxe4 fxe4 17.Ng3 g6 18.Rf1 h5 19.Bd1
Rf6 20.Ne2 Ba6 21.Qa4 Nb8 22.Re1 Ref8 23.Rf1 Qf7 24.Nf4 Bxf1
25.Kxf1 g5 26.Bxh5 Qh7 27.Ng6+ Rxg6 28.Bxg6 Qxg6 29.Qxa7 Qf7
30.Qxf7 Rxf7 31.Ke2 g4 32.Rc3 Ra7 33.Rb3 b5 34.a3 Nd7 35.f3 gxf3+
36.gxf3 exf3+ 37.Kxf3 Nb6 0-1

[Event "Moscow Open 2009 C"]
[Site "?"]
[Date "2009.02.02"]
[Round "3.28"]
[White "Kazennova, Daria"]
[Black "Gunina, Valentina"]
[Result "0-1"]
[WhiteElo "1964"]
[BlackElo "2400"]
[Annotator ""]
[Source ""]
[Remark ""]

1.e4 c6 2.d4 d5 3.exd5 cxd5 4.Bd3 Nc6 5.c3 Nf6 6.Bg5 g6 7.Nf3
Bg7 8.O-O O-O 9.Nbd2 Bf5 10.Bxf5 gxf5 11.Ne5 Nxe5 12.dxe5 Ng4
13.Nf3 Nxe5 14.Nxe5 Bxe5 15.Qf3 Qd7 16.Rae1 f6 17.Bh6 Rfd8 18.Qh5
Kh8 19.Qf7 Rg8 20.f4 Bd6 21.Re6 Qd8 22.Rf3 Rg6 23.Rxd6 exd6 24.Rg3
Qg8 25.Qe7 Qe8 26.Bg7+ Kg8 27.Bxf6 Rxg3 28.hxg3 Qxe7 29.Bxe7
Re8 30.Bxd6 Re2 31.b4 Rxa2 32.Bc5 b6 33.Bd4 a5 34.Kf1 a4 35.Ke1
a3 36.Kd1 Rxg2 0-1

[Event "Moscow Open 2009 C"]
[Site "?"]
[Date "2009.02.02"]
[Round "3.29"]
[White "Pustovoitova, Daria"]
[Black "Fastova, Tatiana"]
[Result "1/2-1/2"]
[WhiteElo "2314"]
[BlackElo "2005"]
[Annotator ""]
[Source ""]
[Remark ""]

1.e4 c5 2.c3 d5 3.exd5 Qxd5 4.d4 e6 5.Nf3 Nf6 6.Be3 cxd4 7.cxd4
Nc6 8.Nc3 Qd6 9.Bc4 Be7 10.a3 a6 11.O-O b5 12.Ba2 O-O 13.b4 Rd8
14.Qe2 Bb7 15.Rfd1 Nd5 16.Ne4 Qb8 17.Rac1 a5 18.Qxb5 Nxe3 19.fxe3
Nxb4 20.axb4 Bxe4 21.Qxb8 Rdxb8 22.bxa5 Rxa5 23.Bb1 Bd5 24.Rc7
Bd8 25.Rc3 Kf8 26.Ne5 Rb2 27.e4 Ra1 28.exd5 Rbxb1 29.Rxb1 Rxb1+
30.Kf2 Bb6 31.Nd7+ Ke7 32.Nxb6 Rxb6 33.Rc7+ Kf6 1/2-1/2

[Event "Moscow Open 2009 C"]
[Site "?"]
[Date "2009.02.02"]
[Round "3.30"]
[White "Strutinskaya, Galina N"]
[Black "Dolgova, Tamara"]
[Result "1-0"]
[WhiteElo "2291"]
[BlackElo "1977"]
[Annotator ""]
[Source ""]
[Remark ""]

1.d4 d5 2.c4 e6 3.Nc3 c5 4.cxd5 exd5 5.Nf3 Nc6 6.g3 Nf6 7.Bg2
c4 8.O-O Be7 9.b3 Qa5 10.Bd2 Bb4 11.Qc1 b5 12.a3 Bxc3 13.Bxc3
Qc7 14.Qe3+ Be6 15.bxc4 bxc4 16.Ng5 Qd7 17.Bh3 Ke7 18.f4 h6 19.Nxe6
fxe6 20.f5 Ne4 21.fxe6 Qd6 22.Rf7+ Ke8 23.Rd7 Qb8 24.Rxd5 Nxc3
25.Qxc3 Qb3 26.Rc1 Rd8 27.Rxd8+ Nxd8 28.d5 1-0

[Event "Moscow Open 2009 C"]
[Site "?"]
[Date "2009.02.02"]
[Round "3.31"]
[White "Khabalonova, Tamara"]
[Black "Borisova, Elizaveta"]
[Result "0-1"]
[WhiteElo "1943"]
[BlackElo "2270"]
[Annotator ""]
[Source ""]
[Remark ""]

1.e4 c5 2.Nf3 e6 3.c3 Nf6 4.Bd3 d5 5.exd5 Qxd5 6.Bc2 b6 7.d4
Bb7 8.Be3 Nbd7 9.Nbd2 cxd4 10.Bxd4 Bc5 11.c4 Qd6 12.Bc3 Bb4 13.Bxf6
Nxf6 14.a3 Bxf3 15.Ba4+ Ke7 16.gxf3 Qe5+ 17.Kf1 Bc5 18.Qc2 Rhd8
19.Ne4 Nxe4 20.fxe4 Qf4 21.b4 Rd2 22.Qxd2 Qxd2 23.bxc5 Qd4 24.Rc1
Qxe4 25.Rg1 bxc5 26.Rxg7 Qd3+ 0-1

[Event "Moscow Open 2009 C"]
[Site "?"]
[Date "2009.02.02"]
[Round "3.32"]
[White "Gavrjuchenkova, Angelina"]
[Black "Akatova, Ekaterina"]
[Result "0-1"]
[WhiteElo "1934"]
[BlackElo "2261"]
[Annotator ""]
[Source ""]
[Remark ""]

1.e4 c5 2.Nc3 Nc6 3.g3 g6 4.Bg2 Bg7 5.d3 d6 6.f4 Nf6 7.Nge2 O-O
8.O-O Rb8 9.h3 Nd7 10.f5 b5 11.a3 a5 12.Bg5 b4 13.axb4 axb4 14.Na4
Nd4 15.c3 Nxe2+ 16.Qxe2 Ba6 17.Qd2 Bb5 18.Rf2 Ra8 19.Qd1 Bxa4
20.Rxa4 Rxa4 21.Qxa4 bxc3 22.bxc3 Bxc3 23.Kh2 Bd4 24.Rf1 Kg7
25.Qa7 f6 26.Bd2 Ne5 27.Rd1 Qd7 28.Qxd7 Nxd7 29.Bf4 g5 30.Bd2
Rb8 31.h4 Ne5 32.Kh1 Nxd3 33.Be3 Nb2 34.Re1 Bxe3 35.Rxe3 Nc4
36.Rc3 Rb1+ 37.Kh2 Ne5 38.Kh3 c4 39.hxg5 fxg5 40.g4 Rb3 0-1

[Event "Moscow Open 2009 C"]
[Site "?"]
[Date "2009.02.02"]
[Round "3.33"]
[White "Styazhkina, Anna"]
[Black "Matveeva, Olga"]
[Result "0-1"]
[WhiteElo "1926"]
[BlackElo "2219"]
[Annotator ""]
[Source ""]
[Remark ""]

1.e4 d5 2.exd5 Qxd5 3.Nc3 Qd8 4.d4 Nf6 5.Bf4 c6 6.Qd2 Bf5 7.O-O-O
e6 8.Nf3 Nbd7 9.Bd3 Bxd3 10.Qxd3 Qa5 11.Ne5 Nxe5 12.dxe5 Nd5
13.Nxd5 cxd5 14.Kb1 Bc5 15.Qg3 O-O-O 16.Qxg7 Qb6 17.Be3 d4 18.Bc1
Rhg8 19.Qxf7 Rxg2 20.Rdg1 Rxg1 21.Rxg1 d3 22.cxd3 Bxf2 23.Rg8
Bh4 24.Qxh7 Qd4 25.Rxd8+ Bxd8 26.Qe4 Qf2 27.Qc4+ Kd7 28.h3 Qg3
29.Qd4+ Kc8 30.Qc5+ Bc7 31.Qf8+ Bd8 32.Qd6 Qxh3 33.a3 Qf5 34.Qd4
Bb6 35.Qc3+ Bc7 36.Be3 b6 37.Bd4 Kb7 38.Ka2 Qf3 39.Qc4 Qf5 40.Qc3
Qf3 41.Qb3 Qf5 42.Qb5 a6 43.Qb3 Qf4 44.Qb4 Qf3 45.Qc4 Qf5 46.Qb4
Qxd3 47.Bc3 Qd5+ 48.Qb3 Kc6 49.a4 Qxb3+ 50.Kxb3 Kd5 51.a5 b5
52.Kb4 Bb8 53.b3 Ba7 54.Ka3 Bc5+ 55.Bb4 Bxb4+ 56.Kxb4 Kd4 57.Ka3
Kxe5 58.Kb4 Kd4 59.Ka3 Kc3 60.Ka2 e5 61.Kb1 Kd2 0-1